[Event "EU-Cup 19th"]
[Site "Rethymno"]
[Date "2003.10.02"]
[Round "5.6"]
[White "Bacrot, Etienne"]
[Black "Timofeev, Artyom"]
[Result "1/2-1/2"]
[WhiteElo "2645"]
[BlackElo "2575"]
[Annotator "Ribli,Z"]
[PlyCount "59"]
[EventDate "2003.09.28"]
[EventType "team-swiss"]
[EventRounds "7"]
[EventCountry "GRE"]
[SourceTitle "CBM 098"]
[Source "ChessBase"]
[SourceDate "2004.02.03"]
[SourceVersion "1"]
[SourceVersionDate "2004.02.03"]
[SourceQuality "1"]
[WhiteTeam "Paris NAO"]
[BlackTeam "Kazan Ladya"]
[WhiteTeamCountry "FRA"]
[BlackTeamCountry "RUS"]

1. c4 e6 2. Nf3 d5 3. g3 c6 4. b3 (4. Qc2 dxc4 5. Qxc4 b5 6. Qc2 Bb7 $11 {
Im Folgenden kann Schwarz seine Entwicklung mit Nf6,Nbd7 fortsetzen und mit
c6-c5 bekommt er vollwertiges Spiel.}) 4... Nf6 5. Bb2 a5 $5 {Mit diesem Zug
bereitet Schwarz 6...a4 vor, wonach er die Entwicklung des weißen Damenflügels
stören kann.} 6. Bg2 a4 7. O-O Nbd7 (7... a3 8. Bc1 $5 (8. Bc3 b5 9. Bxf6 (9.
d3 b4 10. Bxf6 Qxf6 11. Nbd2 Be7 12. e4 O-O 13. Qe2 Rd8 14. Rfd1 Nd7 15. e5 Qf5
16. Nf1 Bb7 17. Ne3 Qh5 18. d4 Ba6 {0-1 Spraggett,G-Hergott,D/CAN 1994/EXT 97 
(65)}) 9... Qxf6 10. d4 Nd7 11. Nbd2 Bb4 12. e4 O-O $13 {Landa,K-Rodin,M/
RUS-chT Azov 1996/}) 8... b5 9. d4 Be7 10. c5 b4 11. Ne1 Na6 12. Nd2 (12. Nd3)
12... e5 (12... O-O $5) 13. dxe5 Nd7 14. e4 $1 Ndxc5 15. exd5 cxd5 16. Ndf3 Ne4
17. Nd4 $14 {1-0 Nikolic,P-Cifuentes Parada,R/Rotterdam 1997/CBM 60/[Ribli] 
(66)}) 8. d4 (8. d3 Be7 9. Nbd2 b5 10. Rb1 a3 11. Ba1 b4 12. Rc1 Bb7 13. Ne5
Rc8 14. Nxd7 Qxd7 15. Nf3 c5 16. d4 O-O {1-0 Weiler,U-Volkov,S/Schwäbisch
Gmünd 2000/CBM 74 ext (44)}) 8... axb3 {[%mdl 4] Meiner Meinung nach ist das
die logische Fortsetzung. Die Alternative 8...a3 liegt auf der Hand, weil
Tempogewinn, aber in diesem Fall kann Weiß im Folgenden eine starke
Zentrumsstellung aufbauen.} (8... a3 9. Bc1 Bb4 10. Bd2 Bd6 11. Nc3 h6 12. Qc2
Bb4 13. Rac1 O-O 14. Na4 Bxd2 15. Nxd2 dxc4 16. bxc4 Qa5 17. Nc3 Qh5 18. Nde4 {
1-0 Loof,K-Murariu,N/Reil 2000/EXT 2002 (70)}) (8... Bd6 9. Nbd2 O-O 10. Qc2 a3
11. Bc3 b5 12. c5 Bc7 13. b4 Re8 14. Ne5 Bxe5 15. dxe5 Ng4 16. Nf3 Qc7 17. Ng5
Nf8 18. e4 Nxe5 19. Rae1 Bd7 20. f4 Nc4 21. f5 exf5 22. exd5 Ne3 {0-1
Abdulaziz,M-Alzaim,T/Damascus 2003/CBM 95 ext (36)}) 9. axb3 (9. Qxb3 dxc4 10.
Qxc4 {Nach dem Bauerntausch im Zentrum ist der weiße a-Bauer früher, oder
später angreifbar.} Nb6 {[%cal Gb6a4]} (10... Bd6 $11)) 9... Rxa1 10. Bxa1 Be7
11. Nc3 O-O 12. Qc2 {Die Stellung errinert mich an die Katalanische Eröffnung 
(Geschlossene Variante), aber dort kann Schwarz gewöhnlich die Türme auf der
a-Linie nicht tauschen.} b6 13. e4 (13. Bb2 Bb7 14. Ra1 c5 15. cxd5 Nxd5 16.
Nxd5 Bxd5 17. e4 Bb7 $11) (13. cxd5 cxd5 $11) 13... Nxe4 (13... dxe4 14. Ng5 $5
$14) 14. Nxe4 dxe4 15. Qxe4 Bb7 $11 {[%cal Yc6c5,Yb7g2] Weiß hat einen kleinen
Zentrumsvorteil, aber Schwarz kann im Folgenden c6-c5 durchführen.} 16. Rd1 (
16. Ne5 Nxe5 17. dxe5 (17. Qxe5 Bf6 18. Qe3 (18. Qe4 Re8 19. Bc3 Re7 20. Rd1
Rd7 $11) 18... Qc7 $11) 17... Qd7 18. Bc3 (18. Bf3 Rd8 $11) 18... Rb8 $11)
16... Qc7 {[%cal Gc7b7,Gf8a8,Ga8a1][%mdl 256] Ein guter Verteidigungszug -
Schwarz bereitet die Verschaffung der a-Linie mit 17...Ra8 vor und verteidigt
gleichzeitig den b7-Läufer und möchte c6-c5 ziehen.} 17. Qe3 Ra8 {[%csl Ga8]
[%cal Ga8a1]} (17... c5 $2 {Es ist wahr, dass Schwarz c6-c5 spielen muss, aber
jetzt ist dieser Zug zu früh.} 18. d5 $16) (17... Rd8 $11) 18. Bc3 Ra3 19. Nd2
Nf6 (19... c5 20. d5 $14) 20. Bb2 Ra2 21. Qc3 Qc8 (21... c5 $5 22. Bxb7 (22. d5
exd5 23. cxd5 Qd7 24. Nc4 b5 25. Ne3 Bd6 $13) 22... Qxb7 23. Ra1 $11) 22. Ra1
Rxa1+ (22... Qa8 $11) 23. Bxa1 Qa8 {[%csl Ga8][%cal Ga8a1,Ga8g2]} 24. Bb2 c5 {
[%cal Ga8g2]} 25. Bxb7 Qxb7 26. Qf3 {Es ist für Weiß notwendig die aktive
schwarze Dame zu tauschen.} (26. dxc5 bxc5 27. Qf3 Qxf3 28. Nxf3 Ne4 $11 (28...
Nd7 $11)) 26... Qxf3 27. Nxf3 Nd7 (27... cxd4 $6 28. Nxd4 $14) 28. Kf1 f5 29.
Ne5 Nxe5 30. dxe5 1/2-1/2

[Event "Riga Tal Memorial"]
[Site "Riga"]
[Date "1995.??.??"]
[Round "11"]
[White "Vaganian, Rafael A"]
[Black "Jussupow, Artur"]
[Result "1/2-1/2"]
[WhiteElo "2640"]
[BlackElo "2660"]
[Annotator "Ribli,Z"]
[PlyCount "53"]
[EventDate "1995.04.??"]
[EventType "tourn"]
[EventRounds "11"]
[EventCountry "LAT"]
[EventCategory "17"]
[SourceTitle "CBM 047"]
[Source "ChessBase"]
[SourceDate "1995.08.01"]
[SourceVersion "1"]
[SourceVersionDate "1995.08.01"]
[SourceQuality "1"]

1. c4 e6 2. g3 d5 3. Bg2 Nf6 4. Nf3 dxc4 5. Qa4+ Nbd7 6. Qxc4 a6 {In der
letzten Zeit wurde 6...c5 oefter gespielt.} 7. Qc2 $5 (7. d3 {Diese
Fortsetzung gibt keinen Vorteil fuer den Anziehenden.} b5 8. Qc6 Rb8 9. Bf4 Nd5
10. Bg5 Be7 11. Bxe7 Qxe7 12. O-O Bb7 13. Qc2 O-O $10 {Schwarz hat das Spiel
ausgeglichen. Salov,V-Timman,J/FIDE-cm3,Sanghi Nagar/ 1994/CBM42/INF61,08/}) (
7. Qb3 $1 {Dieser Zug sieht als konsequent aus.} c5 8. a4 Qb6 9. Qxb6 Nxb6 10.
a5 $14 {Weiss steht wegen seines besseren Bauernstrukturs bequemer. Petursson,
M- Jonsson,B/Akureyri/1994/CBM40/}) 7... c5 8. Nc3 Ra7 (8... Rb8 $5 {Dieser
Zug kommt auch in Frage.}) 9. O-O b6 {Yusupov waehlt eine solide Fortzetzung.}
(9... b5 10. d4 Bb7 11. Rd1 Qa8 12. Bg5 c4 13. a4 (13. Ne1 $5 {Zu pruefen.})
13... b4 14. Nb1 Bd5 $10 {Schwarz hat die Eroeffnung zufriedenstellend geloest.
Casagrande,H-Zlatilov,I/ Ptuj/1991/EXP24/}) 10. d4 Bb7 11. e4 {Droht /\ 12.d5
mit grossem Vorteil.} cxd4 12. Nxd4 Bc5 13. Rd1 Qa8 14. Nb3 Bb4 (14... Be7 15.
Be3 O-O 16. Rac1 $14) 15. a3 Bxc3 16. Qxc3 O-O (16... Bxe4 $2 17. Bxe4 Nxe4 18.
Qxg7 Rf8 19. Bh6 $18) 17. f3 Rc8 18. Qd4 Bc6 19. Bf4 {Droht /\ 20.Rac1 und
dann hat der Nachziehende sehr grosses Problem mit seinem Damenfluegel.} Nc5
20. Nxc5 bxc5 21. Qc3 (21. Qxc5 $2 Ba4 $17) 21... Nd7 22. Be3 (22. Rd6 $5 {
Weiss hat ein Laeuferpaar, eine bessere Bauernstellung und offene d-Linie des-
wegen hat er Vorteil.}) 22... Rb7 23. Bf1 Bb5 $1 24. Rd6 Bxf1 25. Rxf1 Qb8 26.
Bf4 e5 $1 27. Bxe5 {Ribli} (27. Bxe5 Nxe5 28. Qxe5 Rxb2 $10) 1/2-1/2

[Event "Tbilisi"]
[Site "Tbilisi"]
[Date "1991.??.??"]
[Round "?"]
[White "Sturua, Zurab"]
[Black "Efimov, Igor"]
[Result "1-0"]
[WhiteElo "2505"]
[BlackElo "2470"]
[Annotator "Ribli,Z"]
[PlyCount "119"]
[EventDate "1991.05.??"]
[EventType "tourn"]
[EventRounds "11"]
[EventCountry "GEO"]
[EventCategory "9"]
[SourceTitle "CBM 024"]
[Source "ChessBase"]
[SourceDate "1991.10.01"]
[SourceVersion "1"]
[SourceVersionDate "1991.10.01"]
[SourceQuality "1"]

1. Nf3 d5 2. c4 e6 3. g3 g6 4. Bg2 Bg7 5. O-O Ne7 6. d4 O-O 7. Qc2 (7. Nbd2
Nbc6 8. e3 a5 $6 (8... Re8 $5) 9. b3 b6 10. Bb2 Bb7 11. a3 Qd7 12. Qc2 f5 13.
Rac1 $14 {Kortschnoj,V-Short,N Skelleftea WCup 1989 CBM/14}) 7... Nbc6 (7... b6
8. cxd5 $6 (8. Rd1 $1) 8... exd5 9. Bf4 Nbc6 10. Nc3 Bf5 11. Qa4 Qd7 12. Rfe1
h6 13. Rac1 g5 $13 {Gurevich,M-Bareev,E Moscow TV 1987 CBM/6}) 8. Rd1 h6 9. e3
Nf5 10. Nc3 dxc4 11. Qe2 Nd6 12. e4 $146 b5 13. e5 b4 14. Na4 Ba6 15. Nc5 Bb5
16. exd6 cxd6 17. Ne4 d5 18. a4 $1 bxa3 (18... dxe4 19. Qxe4 $1 $18) 19. Nc3
axb2 20. Bxb2 a6 21. Qd2 Rb8 22. h4 Re8 23. Ne2 Rb7 24. Bc3 Ne7 25. Bh3 Nc8 26.
Ne5 Nd6 27. Qe3 Kh7 28. Nf4 Ne4 29. Ba5 Qd6 30. Kh2 Bc6 31. Rab1 Bxe5 32. Rxb7
Bxb7 33. dxe5 Qxe5 34. Bg2 Nf6 $1 35. Qa7 Re7 36. Kg1 Rd7 37. Qc5 Qd6 38. Qa7
e5 $6 (38... Qe5 $5) 39. Ne2 Kg7 40. Bc3 Bc8 41. Qe3 $1 d4 42. Nxd4 Qe7 43. Bf3
exd4 44. Qxe7 Rxe7 45. Rxd4 g5 46. Rd6 Be6 47. Be4 $1 g4 48. Rxa6 Rd7 49. Bc2
Rd5 50. Kf1 Rb5 51. Ke1 h5 52. Kd2 Rd5+ 53. Ke3 Rb5 54. Kf4 Rd5 55. Rc6 Rb5 56.
Ra6 Rd5 57. Ke3 Rb5 58. Rc6 Rd5 59. Rb6 Rc5 60. Be4 1-0

[Event "Linares Anibal op 07th"]
[Site "Linares"]
[Date "2000.01.08"]
[Round "2"]
[White "Anastasian, Ashot"]
[Black "Baron Rodriguez, Jesus"]
[Result "1-0"]
[WhiteElo "2545"]
[BlackElo "2409"]
[Annotator "Ribli,Z"]
[PlyCount "83"]
[EventDate "2000.01.07"]
[EventType "swiss"]
[EventRounds "10"]
[EventCountry "ESP"]
[SourceTitle "CBM 075"]
[Source "ChessBase"]
[SourceDate "2000.04.05"]
[SourceVersion "1"]
[SourceVersionDate "2000.04.05"]
[SourceQuality "1"]

1. c4 e6 2. g3 d5 3. Bg2 Nf6 {Ich halte 3...dxc4 für eine gute Alternative zu
der Partiefortsetzung, denn die Entwicklung des Damenflügels erscheint mir
wichtiger.} 4. Nf3 dxc4 5. Qa4+ Nbd7 6. Qxc4 a6 7. Qc2 {Da die Dame von selbst
wegzieht, kann Schwarz nicht b7-b5 spielen.} (7. d3 b5 8. Qc6 Rb8 9. Bf4 Nd5
10. Bg5 Be7 11. Bxe7 Qxe7 12. O-O Bb7 $10 {Salov,V-Timman,J/Sanghi Nagar m/
1994/CBM42/INF61,08}) (7. Qb3 $5 Rb8 (7... c5 8. a4 $1 Qb6 9. Qxb6 Nxb6 10. a5
Nbd5 11. O-O Bd7 12. d3 Be7 13. Na3 O-O 14. Bd2 Rfd8 15. Rfc1 Be8 16. Nc4 $14 {
Petursson,M-Jonsson,B/Akureyri/1994/CBM40/}) (7... Bd6 8. d3 O-O 9. O-O e5 10.
Nbd2 Nc5 11. Qc2 Bg4 12. Nc4 $14 {Kiselev,S-Sveshnikov,E/St.Petersburg zt/1993/
CBM34/INF56,(17)/}) 8. O-O c5 9. d4 cxd4 10. Bf4 Nc5 11. Qc4 Bd6 12. Qxd4 Bxf4
13. Qxf4 Bd7 14. Nc3 O-O 15. Ne5 $14 {Sorokin,M-Sveshnikov,E/RUS-ch Elista/
1995/CBM50}) 7... c5 8. a4 (8. Nc3 $5 Ra7 9. O-O b6 10. d4 Bb7 11. e4 $14 {
Vaganian,R-Yusupov,A/Riga Tal/1995/CBM47/INF64,(12)/}) 8... Bd6 $6 {Dieser
scheinbar gute Entwicklungszug ist nicht die beste Möglichkeit für Schwarz. Es
wäre besser, zuerst das Problem des Bc8 mit b7-b6 zu lösen.} (8... b6 $1 9. O-O
Bb7 10. d3 (10. Nc3 Be7 11. b3 O-O 12. Bb2 Rc8 13. Rfd1 Rc7 14. d3 Qa8 15. e4
Nb8 16. Ne5 Nc6 17. Nxc6 Bxc6 18. Nb5 Rcc8 19. Na3 Qb8 20. Nc4 Nd7 21. d4 cxd4
22. Bxd4 b5 23. axb5 {1/2-1/2 Panno,O-Keres,P/Moscow 1956/MCD (23)}) 10... Be7
(10... Bd6 $5) 11. Bd2 $5 Nb8 $5 12. Na3 O-O 13. Qb3 Nc6 14. e4 Nd7 15. Nc4 Ra7
$5 16. Rfc1 Ba8 17. Be3 Qb8 {Ribli. 1/2-1/2 Hodgson,J-San Segundo,P/Linares
1995/CBM 51/[Ribli] (60)}) (8... Rb8 $2 9. a5 $1 Bd6 10. d3 Bc7 11. Bd2 $14 Nd5
12. O-O Ne7 13. d4 cxd4 14. Nxd4 e5 15. Rc1 Bd6 16. Nb3 O-O 17. Be3 Nc6 18.
N1d2 Bb4 19. Nc4 Qe7 20. Rd1 Nf6 21. Nb6 Be6 22. Bxc6 bxc6 23. Nc5 $16 {
1-0 Vaulin,A-Duchov,A/Kstovo 1994/CBM 42 ext (44)}) 9. a5 {[%mdl 4] Nach
diesem typischen Raumgewinnzug hat Weiß Initiative am Damenflügel.} Bc7 (9...
Nb8 {[%cal Gb8c6,Gc6a5,Gc6b4]} 10. d4 cxd4 11. Nxd4 Bb4+ 12. Bd2 Bxd2+ 13. Nxd2
$14) 10. Qa4 O-O 11. d3 $14 {Nach diesem Zug kann Weiß entweder Bd2 oder
Nbd2-c4 spielen.} Nd5 12. Nbd2 b5 {Früher oder später muss Schwarz so spielen,
sonst kommt er nicht dazu, die Entwicklung am Damenflügel zu beenden.} (12...
e5 13. Nc4 $14) 13. axb6 N7xb6 14. Qd1 {Weiß besitzt die bessere
Bauernstruktur, denn die schwarzen Bauern auf a6 und c5 sind schwach.} Qe7 15.
O-O Bb7 16. Nb3 {[%cal Gb3a5]} Rac8 (16... Rab8 $5 17. Na5 Ba8 {[%cal Gb8b2]})
17. Na5 Ba8 18. Nd2 {[%csl Yc4] Die weißen Springer bekommen einen starken
Stützpunkt auf c4.} Rfd8 19. Nac4 Nxc4 20. Nxc4 {[%csl Gc4] Weiß hat leichten
aber dauerhaften positonellen Vorteil - der Pa6 ist schwach und der Nc4 steht
ausgezeichnet.} Nb4 (20... Bb7) 21. Bxa8 {Der Tausch des weißfeldrigen Läufers
ist zum Vorteil von Weiß - der schwarze Bc7 spielt eine passive Rolle.} Rxa8 {
[%csl Gc4]} 22. Be3 Rdb8 (22... Nd5 $5) (22... e5 23. f3 $14) 23. Qa4 {Es gibt
noch keine konkreten Drohungen - Weiß möchte mit Rfc1 seine Stellung
verbessern.} Nd5 $6 24. Qc6 {[%csl Gc6] Die weiße Dame steht ausgezeichnet auf
c6. Schwarz hat Probleme bei der Koordination seiner Figuren.} Nxe3 25. Nxe3 (
25. fxe3 $14) 25... Be5 (25... Qd6 26. Qxd6 (26. Qf3 $14) 26... Bxd6 27. Nc4
$14) 26. Nc4 {[%csl Gc4] Der starke Nc4 kontrolliert die wichtigsten Felder am
Damenflügel.} Bd4 27. Ra2 {[%cal Gf1a1,Ga1a8]} Ra7 (27... Qb7) 28. Rfa1 g6 (
28... Rab7 29. Qxa6 (29. Rxa6 Bxb2 30. Rb1 $14 (30. R1a5 $14)) 29... Bxb2 $2
30. Rxb2 Rxb2 31. Nxb2 Rxb2 32. Qc8+ Qf8 33. Ra8 $18) 29. Rxa6 Rxa6 30. Rxa6
Qf6 (30... Bxb2 31. Ra8 Qd8 32. Rxb8 Qxb8 33. Qxc5 $16) 31. e3 Bxb2 32. Qxc5
$16 {Weiß hat einen gesunden Mehrbauern, und in Stellungen wie dieser, in der
die Bauern an einem Flügel sind, ist der Springer gewöhnlich besser als der
Läufer.} Qf3 33. Rc6 (33. Nxb2 $6 Rxb2 34. Qc8+ Kg7 35. Qc3+ Qf6 36. Qxf6+ Kxf6
37. d4 $14) 33... Kg7 34. Rc8 Rxc8 35. Qxc8 {Die Stellung hat einen
geschlossenen Charakter, das Zusammenspiel von Dame und Springer ist hier
besser als das von Dame und Läufer.} Bc3 36. Nd6 Be1 37. Qc2 (37. Ne4 $16)
37... h5 38. Ne4 (38. h4) 38... e5 39. Qb2 (39. Qc5 $5 Qf5 40. Kf1 $18) 39...
f6 40. Qb7+ Kh6 41. Qf7 $18 {Der Pf6 hängt, und der schwarze König befindet
sich im Mattnetz.} h4 42. Qf8+ {Schwarz gab in völlig hoffnungsloser Stellung
auf.} (42. Qf8+ Kh7 (42... Kh5 43. Qh8+ Kg4 44. h3+ $18) 43. Nxf6+ $18) 1-0

[Event "Altensteig"]
[Site "Altensteig"]
[Date "1991.??.??"]
[Round "10"]
[White "Schlosser, Philipp"]
[Black "Blatny, Pavel"]
[Result "0-1"]
[WhiteElo "2485"]
[BlackElo "2480"]
[Annotator "Ribli,Z"]
[PlyCount "134"]
[EventDate "1991.07.??"]
[EventType "tourn"]
[EventRounds "11"]
[EventCountry "GER"]
[EventCategory "11"]
[SourceTitle "CBM 025"]
[Source "ChessBase"]
[SourceDate "1991.12.01"]
[SourceVersion "1"]
[SourceVersionDate "1991.12.01"]
[SourceQuality "1"]

1. c4 e6 2. g3 d5 3. Bg2 dxc4 4. Qa4+ Nd7 5. Qxc4 c5 6. d3 a6 $5 (6... Ne7 7.
Nc3 Nc6 8. Nf3 Be7 9. O-O O-O 10. Be3 Nb6 11. Qb3 Nd5 {remis Vaganian,
R-Kortschnoj,V Barcelona WCup 1989 CBM/12}) 7. Qb3 Qc7 8. a4 Ne7 9. a5 Nc6 10.
Qa4 (10. Bd2 $5) 10... Ndb8 11. Bf4 (11. Be3 $5) 11... e5 12. Be3 Bd7 13. Nd2
Nb4 14. Qd1 N8c6 15. Nc4 Be6 16. Nf3 Bxc4 17. dxc4 Rd8 18. Nd2 Nxa5 19. Qa4+
Nac6 20. Ne4 b5 $1 21. Qb3 Na5 22. Rxa5 Qxa5 23. O-O Qc7 24. Rc1 f5 25. Nxc5
Bxc5 26. cxb5 Qf7 $1 27. Qxf7+ Kxf7 28. Bxc5 Rc8 29. Bb7 axb5 30. Bxc8 Rxc8 31.
Kf1 Ke6 32. Ke1 Na6 33. Be3 Rxc1+ 34. Bxc1 Kd5 35. Kd1 Kc4 $17 36. Bd2 g6 37.
Bc3 e4 38. Kd2 Kb3 39. Bd4 Nb4 40. h3 h5 41. h4 Nd5 42. Bg7 b4 43. Bd4 Nc7 44.
Bc5 Ne6 45. Be7 Kc4 46. Ke3 Nc7 $1 47. Kd2 Nd5 48. Bf8 e3+ $1 49. Ke1 (49. fxe3
Nf6 $1 $19) 49... Kb3 50. Bg7 Kc2 51. Bd4 exf2+ 52. Kxf2 Nc7 53. Kf3 b3 54. e4
Ne6 55. Bf6 fxe4+ 56. Kxe4 Nc5+ 57. Kf4 Nd3+ 58. Kg5 Nxb2 59. Kxg6 Nd1 60. Ba1
Kb1 61. Bd4 Kc2 62. Ba1 Nb2 63. Kxh5 Kb1 64. Kg5 Kxa1 65. h5 Nc4 66. h6 Nd6 67.
h7 b2 0-1

[Event "ISL-FRA"]
[Site "Reykjavik"]
[Date "1993.??.??"]
[Round "10"]
[White "Hauchard, Arnaud"]
[Black "Thorhallsson, Throstur"]
[Result "1-0"]
[WhiteElo "2450"]
[BlackElo "2430"]
[Annotator "Ribli,Z"]
[PlyCount "76"]
[EventDate "1993.??.??"]
[EventType "schev"]
[EventRounds "10"]
[EventCountry "ISL"]
[SourceTitle "CBM 035"]
[Source "ChessBase"]
[SourceDate "1993.08.01"]
[SourceVersion "1"]
[SourceVersionDate "1993.08.01"]
[SourceQuality "1"]

1. c4 e6 2. g3 d5 3. Bg2 Nf6 4. Nf3 dxc4 5. Qa4+ Nbd7 6. Qxc4 a6 $6 (6... c5)
7. Qb3 c5 8. d3 Qc7 (8... Bd6 9. a4 $1 Rb8 10. a5 $14 {Sorokin,M-Sveshnikov,E/
Moscow Alekhine/Podolsk/1992/CBM33/}) 9. a4 $1 Be7 10. a5 $14 O-O 11. O-O Rb8
12. Nbd2 b5 13. axb6 Nxb6 14. Qc2 Nfd5 15. b3 Nb4 16. Qb1 Bf6 17. Bb2 Bxb2 18.
Qxb2 Bb7 19. Rfc1 Qe7 20. Qe5 Nd7 21. Qg5 (21. Qf4 $5 e5 22. Qh4 $14) 21... f6
22. Qh4 Bd5 (22... e5 23. Bh3 $14) 23. Nc4 e5 24. Nfd2 Bxg2 25. Kxg2 Qe6 26.
Ne3 Kh8 27. Qc4 Qc6+ 28. Qe4 Qe6 29. Qc4 Qc6+ 30. Kg1 f5 31. Nc2 $1 $16 Qh6 32.
Nf3 e4 33. dxe4 fxe4 34. Qxe4 Rbe8 35. Qb7 Nxc2 36. Rxc2 Ne5 37. Nxe5 Rxe5 38.
Rxa6 Qg5 1-0

[Event "Vinkovci"]
[Site "Vinkovci"]
[Date "1995.??.??"]
[Round "?"]
[White "Kurajica, Bojan"]
[Black "Kovacevic, Vlatko"]
[Result "1-0"]
[WhiteElo "2585"]
[BlackElo "2520"]
[Annotator "Ribli,Z"]
[PlyCount "105"]
[EventDate "1995.04.??"]
[EventType "tourn"]
[EventRounds "11"]
[EventCountry "CRO"]
[EventCategory "9"]
[SourceTitle "CBM 048"]
[Source "ChessBase"]
[SourceDate "1995.10.01"]
[SourceVersion "1"]
[SourceVersionDate "1995.10.01"]
[SourceQuality "1"]

1. Nf3 d5 2. c4 e6 3. g3 dxc4 4. Qa4+ Qd7 {Man spielt diese Variante nur sehr
selten.} 5. Qxc4 Qc6 6. b3 Qxc4 7. bxc4 c5 (7... Nf6 8. Bg2 Nc6 9. O-O e5 10.
Bb2 Nd7 11. Nc3 Be7 12. Nd5 Bd8 13. a4 $14 {Ribli,Z-Zwaig,A/Reykjavik zt/1975/
INF20,34/}) 8. Nc3 Nc6 9. Bg2 Bd7 10. Nb5 Rc8 11. Rb1 f6 12. d3 Nh6 13. Nd2 (
13. Bxh6 $5 gxh6 14. Nd2 $14 {Das schwarze Laeuferpaar ist nicht genueg
Kompensation fuer den Doppelbauern auf der h-Linie.}) 13... Nf7 14. Bxc6 Rxc6
15. Nxa7 Ra6 16. Rxb7 $5 {Ein interessantes Opfer.} Nd8 17. Nb5 (17. Rc7 $5 Bd6
18. Nb5 Ke7 19. Rxd7+ Kxd7 20. a3 $44 {Weiss hat genueg Kompensation fuer die
geopferten Qualitaet.}) 17... Bc6 18. Nc7+ Kd7 19. Nxa6+ Bxb7 20. Nxc5+ Bxc5
21. O-O e5 (21... Nc6 $5 {Schwarz sollte das Laeuferpaar behalten.} 22. Nb3 Be7
$13) 22. Nb3 Ne6 23. Nxc5+ Nxc5 24. Be3 Ne6 25. f4 $1 exf4 26. gxf4 f5 27. Rb1
Bc6 28. d4 $1 {Der Anziehende steht mit dem Bauernpulk im Zentrum schon leicht
besser.} Be4 29. Rb4 g5 $5 30. fxg5 f4 31. Bd2 Nxg5 (31... Nxd4 $5 {Schwarz
konnte auch diesen P nehmen.} 32. c5 Nxe2+ 33. Kf2 Bd3 {Der Nachziehende kann
diese Stellung halten.}) 32. h4 Ne6 $2 {Warum ist Kovacevic mit dem Remis
nicht zufrieden?} (32... Nh3+ $1 33. Kh2 Rg8 $1 34. Kxh3 Rg3+ 35. Kh2 Rg2+ 36.
Kh3 Rg3+ $10) 33. d5 Nc5 34. Bxf4 Rg8+ 35. Kf2 Bg6 36. Rb5 Rf8 37. Kf3 Rc8 38.
Ke3 Re8+ 39. Kd4 Re4+ 40. Kxc5 Rxf4 41. a4 Bh5 (41... Rxh4 42. a5 Rh1 43. a6
Ra1 44. Kb6 Kc8 45. a7 Be8 46. Rc5+ $1 Kd8 47. Ra5 $18) 42. e3 $1 Re4 (42...
Rxh4 43. Rb7+ Kd8 44. Rxh7 $18) 43. Rb2 $1 {Schwarz will Be2 verhindern.} Rxe3
44. Rb7+ Kc8 45. Rxh7 Bd1 46. a5 Re4 47. a6 Be2 48. a7 Rxc4+ 49. Kd6 Ra4 50.
Rh8+ $1 Kb7 51. a8=Q+ Rxa8 52. Rxa8 Kxa8 53. Kc7 {Schwarz hat seine
Moeglichkeiten im Mittelspiel irreal geschaetzt.} 1-0